[Event "Catalunya-chT Gp2"]
[Site "Barcelona"]
[Date "2024.01.20"]
[Round "1.9"]
[White "Mompel Ferruz, Xavier"]
[Black "Bosque Ortega, Xavier"]
[Result "1-0"]
[WhiteElo "2148"]
[BlackElo "2187"]
[PlyCount "61"]
[EventDate "2024.01.20"]
[EventType "team-tourn"]
[EventRounds "7"]
[EventCountry "ESP"]
[SourceTitle "CB06_2024"]
[SourceDate "2024.02.07"]
[SourceVersion "1"]
[SourceVersionDate "2024.02.07"]
[SourceQuality "1"]
[WhiteTeam "Barcelona Escacs CC"]
[BlackTeam "Barbera"]
[WhiteTeamCountry "ESP"]
[BlackTeamCountry "ESP"]

1. e4 c6 2. d4 d5 3. Nc3 g6 4. e5 h5 5. Bd3 Nh6 6. Nf3 Bg4 7. h3 Bxf3 8. Qxf3 e6 9. g4 h4 10. Ne2 g5 11. Qe3 Rg8 12. f4 Be7 13. f5 Nd7 14. f6 Bxf6 15. exf6 Qxf6 16. Rf1 Qe7 17. Bd2 0-0-0 18. 0-0-0 Kb8 19. a3 Rde8 20. Ng1 e5 21. dxe5 Nxe5 22. Nf3 f6 23. Nxe5 fxe5 24. Bb4 Qc7 25. Rf6 Qg7 26. Rg6 Qh8 27. Qxg5 Nf7 28. Rxg8 Rxg8 29. Qf5 Qh6+ 30. Kb1 Ng5 31. Qxe5+ 1-0

[Event "Titled Tuesday intern op 01st Aug Early"]
[Site "Chess.com INT"]
[Date "2023.08.01"]
[Round "11"]
[White "Mompel Ferruz, Xavier"]
[Black "Khamdamova, Afruza"]
[Result "1-0"]
[WhiteElo "2156"]
[BlackElo "2140"]
[PlyCount "89"]
[EventDate "2023.08.01"]
[EventType "swiss (blitz)"]
[EventRounds "11"]
[EventCountry "USA"]
[SourceTitle "EXT 2024"]
[Source "ChessBase"]
[SourceDate "2023.10.10"]
[SourceVersion "1"]
[SourceVersionDate "2023.10.10"]
[SourceQuality "1"]

1. e4 e5 2. Nf3 Nc6 3. Bb5 a6 4. Ba4 Nf6 5. 0-0 Be7 6. Re1 b5 7. Bb3 d6 8. a4 Bd7 9. h3 0-0 10. c3 b4 11. d4 bxc3 12. bxc3 Rb8 13. Bc4 Na5 14. Bxa6 exd4 15. Nxd4 c5 16. Nf5 Bxf5 17. exf5 d5 18. Bf4 Bd6 19. Bxd6 Qxd6 20. Bb5 Qf4 21. Qc2 Ne4 22. f3 Nd6 23. Na3 Nxf5 24. Qd3 Rfd8 25. Rad1 h6 26. Qd2 Qg3 27. Qf2 Qd6 28. Nc4 Nxc4 29. Bxc4 d4 30. g4 Ne7 31. cxd4 cxd4 32. Re4 Nc6 33. Bb5 Qc5 34. Bxc6 Qxc6 35. Rexd4 Rxd4 36. Rxd4 Rb1+ 37. Kg2 Qc1 38. Rd8+ Kh7 39. Kg3 Qh1 40. Qc2+ g6 41. Rd7 Rg1+ 42. Kf4 Kg8 43. Qc8+ Kg7 44. Qc3+ Kf8 45. Qh8# 1-0

[Event "Titled Tuesday intern op 01st Aug Early"]
[Site "Chess.com INT"]
[Date "2023.08.01"]
[Round "3"]
[White "Vlassov, Nikolai"]
[Black "Mompel Ferruz, Xavier"]
[Result "1-0"]
[WhiteElo "2283"]
[BlackElo "2156"]
[PlyCount "69"]
[EventDate "2023.08.01"]
[EventType "swiss (blitz)"]
[EventRounds "11"]
[EventCountry "USA"]
[SourceTitle "EXT 2024"]
[Source "ChessBase"]
[SourceDate "2023.10.10"]
[SourceVersion "1"]
[SourceVersionDate "2023.10.10"]
[SourceQuality "1"]

1. e4 c5 2. c3 Nf6 3. e5 Nd5 4. d4 cxd4 5. cxd4 e6 6. Nc3 Nxc3 7. bxc3 d6 8. f4 Qc7 9. Bd2 dxe5 10. fxe5 Be7 11. Nf3 Bd7 12. Bd3 Bc6 13. 0-0 Nd7 14. Ng5 Bxg5 15. Bxg5 h6 16. Qh5 Nf8 17. Rf2 g6 18. Qh3 Rh7 19. Bh4 Rg7 20. Bf6 Rh7 21. Raf1 Bd5 22. Rc2 Bc4 23. Bxc4 Qxc4 24. Qf3 Qc6 25. Qxc6+ bxc6 26. Rb1 Nd7 27. Rb7 Nxf6 28. exf6 h5 29. Re7+ Kf8 30. Rb2 Rh6 31. h4 Kg8 32. Rbb7 Rh7 33. Rxa7 Rb8 34. Reb7 Rc8 35. a4 1-0

[Event "ESP-ch U14 rapid"]
[Site "Salobrena"]
[Date "2023.07.23"]
[Round "7"]
[White "Corchon Granero, Mateo"]
[Black "Mompel Ferruz, Xavier"]
[Result "1/2-1/2"]
[WhiteElo "1646"]
[BlackElo "2017"]
[PlyCount "135"]
[EventDate "2023.07.22"]
[EventType "swiss (rapid)"]
[EventRounds "9"]
[EventCountry "ESP"]
[SourceTitle "EXT 2024"]
[Source "ChessBase"]
[SourceDate "2023.10.10"]
[SourceVersion "1"]
[SourceVersionDate "2023.10.10"]
[SourceQuality "1"]

1. e4 c5 2. Ne2 Nc6 3. c4 e6 4. Nbc3 Nd4 5. d3 Ne7 6. Nxd4 cxd4 7. Nb5 Nc6 8. g3 a6 9. Na3 Bxa3 10. bxa3 e5 11. Bg2 d6 12. 0-0 0-0 13. f4 exf4 14. Bxf4 Ne5 15. c5 Be6 16. cxd6 Qxd6 17. Qh5 f6 18. Bxe5 Qxe5 19. Qxe5 fxe5 20. Rfb1 b5 21. a4 Bd7 22. a5 Rac8 23. Rc1 b4 24. Rxc8 Rxc8 25. Rb1 Bb5 26. Bf1 Rc2 27. Rxb4 Rxa2 28. Rb1 Rxa5 29. Rc1 Bd7 30. Rc7 Be6 31. Re7 Bb3 32. Rb7 Rb5 33. Rxb5 axb5 34. Kf2 Be6 35. Ke1 Kf7 36. Kd2 Kg6 37. Be2 Kf6 38. Kc2 b4 39. Kb2 Kg5 40. h4+ Kf6 41. g4 h6 42. Bd1 Ke7 43. Be2 Kd6 44. Bd1 Kc5 45. Be2 Kb5 46. Bd1 Ka5 47. Be2 Bd7 48. Bd1 Ba4 49. Be2 g5 50. hxg5 hxg5 51. Bf3 Bb5 52. Be2 Bd7 53. Bf3 Be6 54. Bd1 Kb5 55. Be2 Ka4 56. Bd1+ b3 57. Be2 Kb4 58. Bd1 Bf7 59. Be2 Be8 60. Bf1 Bd7 61. Be2 Bb5 62. Bf1 Bc6 63. Be2 Bd7 64. Bf3 Be6 65. Bd1 Bf7 66. Bf3 Be6 67. Bd1 Bf7 68. Bf3 1/2-1/2

[Event "Titled Tuesday intern op 11th Jul Early"]
[Site "Chess.com INT"]
[Date "2023.07.11"]
[Round "11"]
[White "Hrescak, Ivana"]
[Black "Mompel Ferruz, Xavier"]
[Result "0-1"]
[WhiteElo "2117"]
[BlackElo "2159"]
[PlyCount "80"]
[EventDate "2023.07.11"]
[EventType "swiss (blitz)"]
[EventRounds "11"]
[EventCountry "USA"]
[SourceTitle "EXT 2024"]
[Source "ChessBase"]
[SourceDate "2023.10.10"]
[SourceVersion "1"]
[SourceVersionDate "2023.10.10"]
[SourceQuality "1"]

1. e4 c5 2. Nf3 e6 3. d4 cxd4 4. Nxd4 Nc6 5. Nc3 Qc7 6. Be3 a6 7. Qf3 Nf6 8. 0-0-0 Be7 9. h3 0-0 10. g4 Ne5 11. Qg3 d6 12. f4 Nc4 13. Bxc4 Qxc4 14. g5 Nd7 15. h4 b5 16. h5 b4 17. Nce2 Bb7 18. Qf3 e5 19. Nf5 Bxe4 20. Nxe7+ Kh8 21. Qxe4 Qxe4 22. Rh3 Rfe8 23. Nd5 Qg2 24. Ng1 Rac8 25. Rd2 Qf1+ 26. Rd1 Qc4 27. c3 bxc3 28. Nxc3 exf4 29. Bd4 Ne5 30. h6 g6 31. Nf3 Kg8 32. Nh4 f3 33. Nxf3 Nxf3 34. Rxf3 Qxa2 35. Rdf1 Qa1+ 36. Kc2 Qa4+ 37. Kd3 Qd7 38. Nd5 Qb5+ 39. Kd2 Qxd5 40. Rxf7 Qxd4# 0-1